书目信息 |
| 题名: |
数据存储与容灾
|
|
| 作者: | 武春岭 , 鲁先志 主编 | |
| 分册: | ||
| 出版信息: | 北京 高等教育出版社 2015 |
|
| 页数: | 262页 | |
| 开本: | 26cm | |
| 丛书名: | ||
| 单 册: | ||
| 中图分类: | TP309.3 | |
| 科图分类: | ||
| 主题词: | 数据管理--安全技术--职业教育--教材 | |
| 电子资源: | ||
| ISBN: | 978-7-04-038324-9 | |
| 000 | 01040nam0 2200253 450 | |
| 001 | 0103391254 | |
| 005 | 20200930084747.0 | |
| 010 | @a978-7-04-038324-9@dCNY32.50 | |
| 100 | @a20150122d2015 em y0chiy0120 ea | |
| 101 | 0 | @achi |
| 102 | @aCN@b110000 | |
| 105 | @aa z 000yy | |
| 106 | @ar | |
| 200 | 1 | @a数据存储与容灾@9Shu;Shuo Ju Cun Chu Yu Rong Zai @f武春岭,鲁先志主编@b专著 |
| 210 | @a北京@c高等教育出版社@d2015 | |
| 215 | @a262页@c图@d26cm | |
| 300 | @a“十二五”职业教育国家规划教材 国家职业教育专业教学资源库配套教材 | |
| 330 | @a本书以国家计算机网络技术专业资源库子项目“网络数据存储技术”课程资源库建设为背景,借鉴国际知名数据存储公司EMC、IBM等产品技术和培训经验,以国际知名开源“存储设备”模拟系统为载体,创造性地解决了在没有实训硬件设备投入的情况下,实现理实一体化的高效学习。 | |
| 606 | 0 | @a数据管理@x安全技术@x职业教育@j教材 |
| 690 | @aTP309.3@v5 | |
| 701 | 0 | @a武春岭@f(1975~)@4主编@9wu chun ling |
| 701 | 0 | @a鲁先志@4主编@9lu xian zhi |
| 801 | 0 | @aCN@bAZmarc@c20230907 |
| 905 | @aBZT@dTP309.3@e2@f1@sTP309.3/2 | |
| 数据存储与容灾/武春岭,鲁先志主编.-北京:高等教育出版社,2015 |
| 262页:图;26cm |
| “十二五”职业教育国家规划教材 国家职业教育专业教学资源库配套教材 |
| ISBN 978-7-04-038324-9:CNY32.50 |
| 本书以国家计算机网络技术专业资源库子项目“网络数据存储技术”课程资源库建设为背景,借鉴国际知名数据存储公司EMC、IBM等产品技术和培训经验,以国际知名开源“存储设备”模拟系统为载体,创造性地解决了在没有实训硬件设备投入的情况下,实现理实一体化的高效学习。 |
| ● |
| 相关链接 |
|
|
|
正题名:数据存储与容灾
索取号:TP309.3/2
 
预约/预借
| 序号 | 登录号 | 条形码 | 馆藏地/架位号 | 状态 | 备注 |
| 1 | 2000029787 | 2000029787 | 旧书回溯/ [索取号:TP309.3/2] | 在馆 |